[Event "Tata Steel-A 77th"]
[Site "Wijk aan Zee"]
[Date "2015.01.25"]
[Round "13"]
[White "Jobava, Baadur"]
[Black "Radjabov, Teimour"]
[Result "1-0"]
[WhiteElo "2727"]
[BlackElo "2734"]
[Annotator "Gormally,D"]
[PlyCount "119"]
[EventDate "2015.01.10"]
[EventType "tourn"]
[EventRounds "13"]
[EventCountry "NED"]
[EventCategory "20"]
[SourceTitle "CBM 165"]
[Source "ChessBase"]
[SourceDate "2015.03.11"]
[SourceVersion "1"]
[SourceVersionDate "2015.03.11"]
[SourceQuality "1"]

1. d4 Nf6 2. c4 g6 3. Nc3 Bg7 4. e4 d6 5. Be2 O-O 6. h4 c5 7. d5 b5 (7... e6 {
is another perfectly reasonable way to play, taking the game down Benoni like
paths.} 8. h5 exd5 9. hxg6 fxg6 10. cxd5 Qe7 11. Bg5 Nbd7 12. Bg4 Ne5 13. Bxc8
Raxc8 14. Nf3 Nf7 15. Qc2 Nxg5 16. Nxg5 Nxd5 17. Nxh7 Bxc3+ 18. bxc3 Rf7 19.
O-O-O Nf4 20. Qd2 c4 21. Qe3 Qe5 {0-1 (21) Williams,S (2350)-Gallagher,J (2519)
Birmingham 4NCL 2001. Travelling back with Joe Gallagher after the game, I
asked his opinion on this h4 idea. Joe is something of an expert on the King's
Indian having written a few books on the subject. He didn't seem to rate the
reply at all pointing out that "Black never gets mated in the King's Indian!"})
8. cxb5 a6 9. bxa6 {Critical of course.} (9. b6 {is playable, but can hardly
be considered the most testing.} Qxb6 10. h5 e6 11. hxg6 hxg6 12. Nf3 exd5 13.
exd5 Bg4 {with easy play for Black in the game Sevillano Garcia,J (2200)-Miles,
A (2550) Benasque 1997.}) 9... Qa5 (9... Bxa6 10. h5 gxh5 {this looks rather
ugly, presumably Black was concerned about the threat of taking on g6 with an
attack down the h-file.} 11. Nh3 Qa5 12. O-O Nbd7 13. Nf4 Ne5 14. Bxa6 Qxa6 15.
Nxh5 Nxh5 16. Qxh5 Rfb8 17. Re1 Qc8 18. Re3 Qg4 19. Qh1 $1 {with good
attacking chances for White in Jobava,B (2704)-Khader,S (2411) Alushta 2011.})
10. Bd2 Bxa6 11. h5 Nbd7 12. hxg6 hxg6 13. Bxa6 {Jobava is the first to
deviate from a previous game of his; presumably he was afraid of an
improvement.} (13. Kf1 Rfb8 14. b3 Ne5 15. Nf3 Nfg4 $6 ({the simple} 15... Nxf3
$1 16. gxf3 Bxe2+ 17. Nxe2 (17. Qxe2 $2 Rxb3 $15) 17... Qa3 {was surely the
improvement Radjabov had in mind with good play for Black.} 18. Kg2 Nh5 19. Bc3
Bxc3 20. Nxc3 Nf4+ 21. Kg3 Nh5+ 22. Kg2 $11) 16. Nxe5 Bxe5 17. Na4 Bxe2+ 18.
Qxe2 Qa6 19. Rc1 {when White remained in control in the game Jobava,B (2734)
-Atalik,S (2603) Burgas 2012.}) 13... Qxa6 14. Nge2 Rfb8 15. Rb1 Rb4 16. a3 Rb7
{But this now looks like a good Benko for Black. He has the plan of ...Ne5-d3,
for example.} 17. O-O Rab8 18. Qc2 Ne5 19. f3 Qd3 $1 (19... Nd3 {was also
possible, with the plan of ...c4, reinforcing the "octopus" on d3. But the
move played in the game was simpler, and quickly induces a blunder.}) 20. Rfc1
$2 (20. Qxd3 Nxd3 21. b4 $1 {was forced.} cxb4 22. axb4 Nxb4 {and Black has
good pressure, but White has chances to hold.}) 20... Qxc2 $2 ({Coming to the
end of a 13 round slog, it was not easy to summon up the energy to find the
sacrifice} 20... Nxf3+ $3 21. gxf3 Qxf3 {after which White is in grave trouble.
The immediate threat is ...Ng4. But it's easy to say this sitting here with
our engines. At the board this doesn't seem so clear, you might just think
that White will consolidate his extra piece and win the game.} 22. Rf1 {
is the critical defence.} (22. Qd1 {you would probably dismiss in your
calculations as this leaves a couple of pawns en prise.} {or simply} Nxe4 {
gaining another pawn and retaining an attack.} (22... Qg4+ 23. Kh2 Qh4+ 24. Kg2
Ng4 {looks very strong; for example} 25. Qh1 Qf2+ 26. Kh3 Bxc3 $1 27. Bxc3 f5
$1 ({but not} 27... Qxe2 $2 28. Re1 Nf2+ 29. Kg2 {and White turns the tables.})
) ({the simple} 22... Rxb2 {leaves White in trouble as well. His whole game is
falling apart.} 23. Qf1 Qd3 $17)) 22... Qg4+ $1 23. Kf2 (23. Kh2 Qh4+ 24. Kg2
Ng4 $1 {is not an obvious line to see from afar. At first it seems as if} 25.
Bf4 {might hold, but then} g5 $1 {and if the bishop moves there is a nasty
fork on e3} 26. Rh1 Qf2+ 27. Kh3 Qf3+ 28. Bg3 Ne3 $19) 23... Qh4+ 24. Kf3 Qh3+
25. Kf2 Ng4+ 26. Ke1 Nh2 $1 {when White is in trouble.}) 21. Rxc2 Nc4 22. a4
Nxb2 23. a5 Nd3 24. Rxb7 Rxb7 {The smoke has cleared somewhat and we are left
with a rather unclear endgame. Black enjoys a decent structure and good piece
activity but while the White a-pawn stays on the board it remains a formidable
weapon.} 25. Ra2 Nb4 26. Ra4 Nd7 27. Nd1 Na6 28. Kf1 Ne5 29. Nc1 Rb1 30. Ke2
Kf8 31. g4 Nd7 32. g5 Bd4 33. Kd3 Ne5+ 34. Kc2 Rb8 35. f4 Nf3 36. Ne2 Nxd2 37.
Kxd2 Bg7 38. Ne3 Rb2+ 39. Ke1 Rb1+ 40. Kf2 Rb2 41. e5 $1 {The old "sweeper
sealer". Jobava wishes to take the g7-bishop out of the game.} Rd2 (41... dxe5
42. f5 $1 {is White's idea, when the g7-bishop remains out of the game and in
general White's position is much easier to play; his pieces are much more
active.}) 42. Kf3 Ke8 43. exd6 exd6 44. Ng3 (44. f5 $1 gxf5 45. Ng3 {was
strong. In general it's not easy for Black to solve his problems and the rook
on a4 is potentially very mobile; not only does it support the passed a-pawn,
it can also leap across to the kingside at some point, with Rh4-h7.}) 44... Kd7
45. Ne4 Rb2 46. Nc4 Rb4 $2 {Perhaps Radjabov decided that exchanging rooks
would bring the game close to a draw, but even so this seems like a very risky
choice.} (46... Rb3+ 47. Kg4 Bf8 {wasn't a particularly pleasant choice, but
would have kept his position together.}) 47. Rxb4 cxb4 48. Nexd6 b3 49. Nxf7 b2
50. Nxb2 $2 (50. Nd2 Bc3 51. Ne5+ $1 Kc7 52. Nb1 Bxa5 53. Nxg6 {looks winning.}
) 50... Bxb2 51. Ne5+ Ke7 $2 (51... Bxe5 52. fxe5 Nc5 $1 {was a draw, but
again at the end of a long game at the end of an exhausting tournament it
wasn't easy to see this. The point is White cannot easily approach the
queenside as the squares d4 and d2 are "mined" to a check on b3.} 53. Ke2 Kc7
54. Kd1 Na6 $1 (54... Nd3 $2 55. e6 Nf4 56. e7 Kd7 57. d6 $18) 55. Kd2 Nb4 56.
d6+ Kc6 57. Kc3 Na6 $1 {and White can not make any progress. An instructive
ending!}) 52. Nxg6+ {Now White gains too many pawns and is winning.} Kd6 53.
Ne5 Bxe5 (53... Kxd5 54. g6 Bxe5 55. fxe5 $18) 54. fxe5+ Kxd5 55. g6 Ke6 56.
Kg4 Nc7 57. Kh5 Kxe5 58. g7 Ne8 59. g8=Q Nf6+ 60. Kg5 1-0

[Event "Tbilisi FIDE GP"]
[Site "Tbilisi"]
[Date "2015.02.20"]
[Round "5"]
[White "Vachier Lagrave, Maxime"]
[Black "Radjabov, Teimour"]
[Result "1/2-1/2"]
[WhiteElo "2775"]
[BlackElo "2731"]
[Annotator "Szabo,Kr"]
[PlyCount "74"]
[EventDate "2015.02.15"]
[EventType "tourn"]
[EventRounds "11"]
[EventCountry "GEO"]
[EventCategory "20"]
[SourceTitle "CBM 165"]
[Source "ChessBase"]
[SourceDate "2015.03.11"]
[SourceVersion "1"]
[SourceVersionDate "2015.03.11"]
[SourceQuality "1"]

1. e4 e6 2. d4 d5 3. Nc3 Bb4 4. e5 c5 5. a3 Bxc3+ 6. bxc3 Ne7 7. Qg4 Qc7 8.
Qxg7 Rg8 9. Qxh7 cxd4 10. Ne2 Nbc6 11. f4 dxc3 {The most fashionable move.
This is one of the sharpest lines in the French Winawer.} 12. Qd3 (12. h4 {
is the another main line.}) 12... d4 13. Nxd4 Nxd4 14. Qxd4 Bd7 15. Rg1 Nf5 16.
Qf2 Qc6 17. g4 (17. Bd3 {is far more common continuation, for example:} Qd5 18.
Rb1 Bc6 19. Rb3 O-O-O 20. Rxc3 Kb8 21. g4 Nd4 22. Rg3 Qh1+ 23. Bf1 b6 24. Bb2
Be4 25. a4 Rd5 $132 {Leko-Caruana, Dortmund 2012 with a very unclear game.})
17... Qe4+ 18. Qe2 ({Of course} 18. Be2 $2 {is losing, as} Nd4 $19 {and Black
is winning.}) 18... Qd5 (18... Qa4 19. Qf2 Qe4+ 20. Qe2 Qa4 21. Qf2 Qe4+ {
1/2 Kokarev-Nepomniachtchi, Moscow 2013.}) 19. Bg2 Qc5 20. Qf2 Nd4 21. Be4 {
Now White is threatening Be3.} (21. Be3 $4 {wasn't possible immediately,
because of} Nxc2+ $19) 21... O-O-O 22. Be3 Bc6 23. Bd3 $146 {The first novelty
in the game.} (23. Rd1 Bxe4 24. Bxd4 Qxa3 25. Rg3 Qa5 26. Rxc3+ Bc6 27. h3 Rd7
28. Qd2 Qd5 29. Bg1 Qe4+ 30. Qe3 Rxd1+ 31. Kxd1 Qg2 32. Qf2 Rd8+ 33. Kc1 Qe4
$44 {Pheby-Anderson, corr 2011 with some compensation for the pawn.}) 23... Qd5
{Radjabov has centralised his Q, and got out of the pin, moreover he is
threatening ...Nf3+.} ({Nevertheless the engine suggests} 23... Rd7 $5 24. h4
Rgd8 25. Rg3 (25. h5 Bb5 ({or even} 25... Qb6 {.})) 25... Qb6 {followed by ...
Qb2 and White is a little bit uncomfortable.}) 24. Bxd4 {White has to simplify
the position, otherwise he can't prevent ...Nf3+.} Qxd4 25. Qxd4 Rxd4 26. Rb1 {
Vachier couldn't protect the f4-pawn, that's why he activates his rook.} Rxf4
27. Rb4 Rxb4 28. axb4 Rh8 29. b5 Be8 $6 {Too passive.} ({In the event of} 29...
Bd5 $1 {probably Black worried about his f7-pawn after} 30. Rf1 {, but} Rxh2 ({
or} 30... Rh3 $5) 31. Rxf7 Rg2 32. Rg7 Rg3 $11 {should be a drawish endgame.})
30. Rh1 Kc7 31. h4 {The most natural move, but this leads to a draw quickly,
because Black wins the b5-pawn.} (31. Kf2 $1 {was more accurate} Kb6 (31... Rh3
32. Kg2 $16) 32. Kg3 $1 Bxb5 33. Rb1 a6 34. Rb3 $14 {and White has a slightly
better R endgame.}) 31... Kb6 32. h5 (32. Kf2 Bxb5 33. Rb1 a6 $11 {is also a
drawish endgame.}) 32... Bxb5 33. Ke2 Bxd3+ 34. Kxd3 Kc5 35. Rf1 Rg8 36. Rxf7
Rxg4 37. Kxc3 Kd5 1/2-1/2

[Event "FIDE World Cup"]
[Site "Baku"]
[Date "2015.09.16"]
[Round "2.4"]
[White "Radjabov, Teimour"]
[Black "Smirin, Ilia"]
[Result "1-0"]
[WhiteElo "2738"]
[BlackElo "2655"]
[Annotator "Schulz,Andre"]
[PlyCount "50"]
[EventDate "2015.09.11"]
[EventType "k.o."]
[EventRounds "7"]
[EventCountry "AZE"]
[SourceTitle "CBM 169"]
[Source "ChessBase"]
[SourceDate "2015.11.10"]
[SourceVersion "1"]
[SourceVersionDate "2015.11.10"]
[SourceQuality "1"]

1. e4 c5 2. Nf3 e6 3. d4 cxd4 4. Nxd4 Nf6 5. Nc3 d6 6. Be2 a6 7. a4 Nc6 8. Be3
Be7 9. O-O O-O 10. f4 Qc7 11. Kh1 Re8 12. Bd3 Nb4 13. Qf3 Bf8 14. a5 Bd7 15.
Qg3 Rac8 16. Nf3 Nh5 (16... Bc6 17. Bd4 Nd7 18. Nd1 e5 19. fxe5 dxe5 20. Bc3
Nxd3 21. cxd3 Bc5 22. Nf2 Bxf2 23. Rxf2 f6 24. Nh4 Kh8 25. Nf5 Nf8 26. Re1 Ng6
27. h4 Nf4 28. h5 Nxh5 29. Qh4 Nf4 30. Rxf4 exf4 31. Nxg7 Kxg7 32. Qxf6+ Kg8
33. Qg5+ Kf7 34. Rf1 Re7 35. Rxf4+ Ke8 36. Bb4 Rd8 37. Bxe7 Qxe7 38. Qh5+ Kd7
39. Rf7 Qxf7 40. Qxf7+ Kc8 41. Qf5+ Rd7 42. d4 {1-0 (42) Mamedov,R (2638)
-Shomoev,A (2567) Moscow 2009}) {[#]} 17. Qh4 g6 $2 ({Nötig war} 17... Nxd3
18. cxd3 Nf6 19. Bb6 Qb8 20. g4 $40) 18. g4 $18 Be7 19. Ng5 Nf6 (19... Bxg5 20.
fxg5 Ng7 21. Bb6 Qc6 22. Rf3 Z0 {und} 23. Rh3 $18) 20. Bb6 Qc6 21. Bd4 (21. Ra4
$1 Nxd3 22. cxd3 h5 23. Rc4 $18 {mit Damengewinn.}) 21... h5 22. gxh5 Nxh5 23.
Be2 e5 24. Bxh5 Bxg5 (24... gxh5 25. Qxh5 Bxg5 26. Qxg5+ {Alles gewinnt.} Kf8
27. fxe5 dxe5 28. Bc5+ Qxc5 29. Qh6+ Ke7 30. Qf6+ Kf8 31. Qxf7#) 25. Qxg5 Bf5
1-0

[Event "FIDE World Cup"]
[Site "Baku"]
[Date "2015.09.19"]
[Round "3.4"]
[White "Svidler, Peter"]
[Black "Radjabov, Teimour"]
[Result "1-0"]
[WhiteElo "2727"]
[BlackElo "2738"]
[Annotator "Ramirez Alvarez,A"]
[PlyCount "75"]
[EventDate "2015.09.11"]
[EventType "k.o."]
[EventRounds "7"]
[EventCountry "AZE"]
[SourceTitle "CBM 169"]
[Source "ChessBase"]
[SourceDate "2015.11.10"]
[SourceVersion "1"]
[SourceVersionDate "2015.11.10"]
[SourceQuality "1"]

1. d4 Nf6 2. c4 g6 3. Nc3 d5 4. Bg5 Bg7 5. Bxf6 Bxf6 6. cxd5 c5 7. dxc5 Nd7 8.
e3 Qa5 9. Qd2 O-O 10. a3 Qxc5 11. Rc1 Qb6 12. Nf3 Nc5 13. Bc4 Bg4 14. Nd4 a5
15. O-O Rac8 16. h3 Bd7 17. Rc2 Bg7 18. Rfc1 Rfd8 19. Qe2 Na4 20. Ncb5 Nc5 21.
Ba2 Na6 22. Bc4 Bf6 23. b3 Kf8 24. Rd1 Nc7 25. Nxc7 Rxc7 {White has an
excellent position. Up a pawn and trying to convert. Svidler, however, goes
for the kill when it was not ready} 26. Ne6+ $2 Bxe6 $2 (26... fxe6 $1 27. dxe6
{it looks like Black loses the bishop, but this is not the case} Rxc4 $1 28.
Rxc4 (28. Rxd7 Rxc2 29. Qxc2 {is an extra piece for Black.}) 28... Bxe6 29.
Rxd8+ Qxd8 {gives Black two beautiful bishops and a winning position against
the rook.}) 27. dxe6 Rxd1+ 28. Qxd1 fxe6 $6 29. Qd8+ {Now White's attack is
decisive.} Kg7 30. Bxe6 Rc6 31. Qg8+ Kh6 32. Qf8+ (32. h4 $1 Rxc2 33. Qf8+ Bg7
34. Qf4+ Kh5 35. Qg5#) 32... Bg7 33. Rxc6 Qxc6 34. Qxe7 g5 35. Bf5 Qc3 36. g3
b5 37. h4 Qf6 38. hxg5+ {The endgame is trivially winning with three extra
pawns.} 1-0

[Event "Wch Rapid"]
[Site "Berlin"]
[Date "2015.10.11"]
[Round "10"]
[White "Carlsen, Magnus"]
[Black "Radjabov, Teimour"]
[Result "1-0"]
[WhiteElo "2850"]
[BlackElo "2738"]
[Annotator "Schulz,Andre"]
[PlyCount "139"]
[EventDate "2015.10.10"]
[EventType "swiss (rapid)"]
[EventRounds "15"]
[EventCountry "GER"]
[SourceTitle "CBM 168 Extra"]
[Source "ChessBase"]
[SourceDate "2015.10.29"]
[SourceVersion "1"]
[SourceVersionDate "2015.10.29"]
[SourceQuality "1"]

1. d4 Nf6 2. Nf3 g6 3. Bf4 Bg7 4. e3 d6 5. h3 O-O 6. Be2 Nfd7 7. Bh2 e5 8. Nc3
Nc6 9. O-O Re8 10. Re1 a6 11. a4 b6 12. Bc4 Bb7 13. Bd5 Rb8 14. dxe5 dxe5 15.
Qe2 Qe7 16. Rad1 Nc5 17. Qc4 a5 18. Nb5 Nd8 19. Bxb7 Ndxb7 20. Na7 Qe6 21. Qxe6
Rxe6 22. b3 f6 23. Nb5 c6 24. Nc3 Nd6 25. Nd2 Bf8 26. f3 Ree8 27. Bg3 Kf7 28.
Bf2 Red8 29. Kf1 Na6 30. Ke2 Be7 31. e4 Nb4 32. Rc1 Ke6 33. Nd1 Bf8 34. Be3 Rd7
35. c3 Na6 36. Nb2 b5 37. Ra1 Nb7 38. b4 Nc7 39. Rec1 Kf7 40. axb5 Nxb5 41.
bxa5 Ba3 {[#]} 42. Rxa3 (42. Rc2 {gefiel Weiß nun nicht:} Bxb2 43. Rxb2 Nxa5 {
und man kann wegen Sc3 nicht auf a5 nehmen. Nach} 44. Kf2 {hängt der Sa5 aber
wirklich und die Fesselung auf der b-Linie muss bedient werden.} Nb7 45. c4
N5d6 46. Rb6 $14) 42... Nxa3 43. a6 {Vorpreschende Randbauern werden ja
neuerdings "Carlsen-Bauern" genannt. der Freibauer wiegt die Qualität auf.}
Nd6 44. Nd3 Ndc4 45. Nxc4 Nxc4 46. Bc5 Rbd8 47. Rd1 Ra8 48. Ra1 Rad8 49. Nb4
Rd2+ 50. Kf1 Rd1+ 51. Rxd1 Rxd1+ 52. Ke2 Ra1 {[#]} 53. a7 {Fast ist der Bauer
schon auf der Grundreihe angekommen.} (53. Kd3 $5 Nb2+ 54. Kc2 Na4 55. Bf2 c5
56. a7 Nxc3 57. Kxc3 Rxa7 58. Bxc5 $16) 53... Ke6 54. Nxc6 Nd6 55. Kd3 Nc8 ({
Besser war} 55... Kd7) 56. Kc4 Kd7 57. Kb5 Kc7 {[#]} 58. Na5 {Nun droht a8D.
Was tun?} Rb1+ 59. Kc4 (59. Ka6 Nb6 60. Bb4 Na8 {und es geht nicht weiter.})
59... Nxa7 60. Bxa7 Ra1 61. Kb5 Rb1+ 62. Ka6 Rb2 {[#] Die weißen Truppen sind
nun auf der a-Linie etwas abgeklemmt. Und einige Bauern am Königsflügel
werden fallen. Aber Weiß hat ja noch einen Freibauern.} 63. c4 Rxg2 64. Bb6+
Kc8 65. c5 Rf2 66. c6 Rxf3 67. Nc4 {Droht Matt in 3.} Rd3 68. Kb5 f5 69. Kc5
Rc3 70. Kd5 (70. Kd5 f4 71. Nd6+ Kb8 72. Ba7+ $1) 1-0

[Event "Wch Blitz 9th"]
[Site "Berlin"]
[Date "2015.10.13"]
[Round "1"]
[White "Radjabov, Teimour"]
[Black "Agrest, Evgenij"]
[Result "1-0"]
[WhiteElo "2738"]
[BlackElo "2596"]
[PlyCount "76"]
[EventDate "2015.10.13"]
[EventType "swiss (blitz)"]
[EventRounds "21"]
[EventCountry "GER"]
[SourceTitle "CBM 168 Extra"]
[Source "ChessBase"]
[SourceDate "2015.10.29"]
[SourceVersion "1"]
[SourceVersionDate "2015.10.29"]
[SourceQuality "1"]

1. Nf3 d5 2. g3 g6 3. Bg2 Bg7 4. d4 Nf6 5. O-O O-O 6. c4 dxc4 7. Na3 c3 8. bxc3
c5 9. Bb2 Nc6 10. e3 Bg4 11. h3 Bf5 12. Qe2 Qc8 13. Kh2 Be4 14. Rfd1 Rd8 15.
Rac1 a6 16. Nc4 Qc7 17. Ncd2 Bf5 18. e4 Bd7 19. d5 Na5 20. Nf1 Ba4 21. Re1 c4
22. Ba3 Bf8 23. N1d2 Nd7 24. Bb4 b5 25. Nd4 Ne5 26. f4 Nd3 27. e5 Rac8 28. Rb1
Nxe1 29. Rxe1 Nb7 30. Nc6 Re8 31. Ne4 a5 32. Ba3 Nd8 33. d6 Qxc6 34. Nc5 b4 35.
Bxc6 Bxc6 36. d7 Bxd7 37. Nxd7 bxa3 38. Nb6 Rc5 1-0

[Event "Wch Blitz 9th"]
[Site "Berlin"]
[Date "2015.10.13"]
[Round "2"]
[White "Dubov, Daniil"]
[Black "Radjabov, Teimour"]
[Result "1-0"]
[WhiteElo "2661"]
[BlackElo "2738"]
[PlyCount "71"]
[EventDate "2015.10.13"]
[EventType "swiss (blitz)"]
[EventRounds "21"]
[EventCountry "GER"]
[SourceTitle "CBM 168 Extra"]
[Source "ChessBase"]
[SourceDate "2015.10.29"]
[SourceVersion "1"]
[SourceVersionDate "2015.10.29"]
[SourceQuality "1"]

1. d4 e6 2. c4 f5 3. Nf3 Nf6 4. g3 d5 5. Bg2 c6 6. O-O Bd6 7. b3 Qe7 8. Bb2 O-O
9. Nbd2 b6 10. Ne5 Bb7 11. Rc1 a5 12. Ndf3 Na6 13. e3 Rfc8 14. Qe2 Nb4 15. a3
Na6 16. Ra1 Ne4 17. Rfc1 c5 18. cxd5 Bxd5 19. Nc4 Bc7 20. Rd1 b5 21. Ncd2 c4
22. bxc4 bxc4 23. Nxe4 Bxe4 24. Rac1 Bd3 25. Rxd3 cxd3 26. Qxd3 Rcb8 27. Nd2
Ra7 28. Nc4 Rd8 29. Qc2 Nb8 30. e4 fxe4 31. Bxe4 h6 32. Re1 Qd7 33. d5 exd5 34.
Bf5 Qc6 35. Be6+ Kh8 36. Qg6 1-0

[Event "Wch Blitz 9th"]
[Site "Berlin"]
[Date "2015.10.13"]
[Round "3"]
[White "Radjabov, Teimour"]
[Black "Papin, Vasily"]
[Result "1-0"]
[WhiteElo "2738"]
[BlackElo "2502"]
[PlyCount "107"]
[EventDate "2015.10.13"]
[EventType "swiss (blitz)"]
[EventRounds "21"]
[EventCountry "GER"]
[SourceTitle "CBM 168 Extra"]
[Source "ChessBase"]
[SourceDate "2015.10.29"]
[SourceVersion "1"]
[SourceVersionDate "2015.10.29"]
[SourceQuality "1"]

1. Nf3 c5 2. c4 Nf6 3. Nc3 e6 4. g3 b6 5. Bg2 Bb7 6. O-O Be7 7. Re1 Ne4 8. Nxe4
Bxe4 9. d4 O-O 10. Be3 cxd4 11. Qxd4 Bb7 12. Red1 d6 13. Rac1 Nd7 14. b3 Qc7
15. Bg5 Nf6 16. Bxf6 gxf6 17. Qe3 Kh8 18. Ne1 Rg8 19. Bxb7 Qxb7 20. Ng2 Qc7 21.
Qf3 Rac8 22. Rb1 Qc5 23. Nf4 Rc7 24. a4 Qc6 25. Qh5 Rg7 26. Qb5 Qa8 27. Qh5 Qc6
28. Rd3 Qe4 29. Qf3 Qxf3 30. Rxf3 f5 31. Rd3 Rg8 32. Kg2 Rgc8 33. h4 Kg7 34.
Nh5+ Kg6 35. Nf4+ Kg7 36. Rbd1 Rc6 37. Nh5+ Kg6 38. Nf4+ Kg7 39. Re3 Kf8 40.
Nd3 R6c7 41. Ne1 Rc6 42. Nf3 Bf6 43. Red3 Ke7 44. Nd2 Rd8 45. e4 fxe4 46. Nxe4
Bg7 47. Re1 Bf8 48. Rf3 h6 49. Nf6 Bg7 50. Nd5+ Kf8 51. Rxe6 Re8 52. Rxe8+ Kxe8
53. Re3+ Kf8 54. Re7 1-0

[Event "Wch Blitz 9th"]
[Site "Berlin"]
[Date "2015.10.13"]
[Round "4"]
[White "Vitiugov, Nikita"]
[Black "Radjabov, Teimour"]
[Result "0-1"]
[WhiteElo "2725"]
[BlackElo "2738"]
[PlyCount "139"]
[EventDate "2015.10.13"]
[EventType "swiss (blitz)"]
[EventRounds "21"]
[EventCountry "GER"]
[SourceTitle "CBM 168 Extra"]
[Source "ChessBase"]
[SourceDate "2015.10.29"]
[SourceVersion "1"]
[SourceVersionDate "2015.10.29"]
[SourceQuality "1"]

1. d4 Nf6 2. Bg5 d5 3. e3 c5 4. c3 Nc6 5. Nd2 Qb6 6. Qb3 e6 7. Ngf3 Be7 8. Qxb6
axb6 9. a3 Bd7 10. Be2 h6 11. Bf4 O-O 12. h3 Rfc8 13. O-O Be8 14. Ne5 Nxe5 15.
Bxe5 Bc6 16. Rfc1 Nd7 17. Bg3 b5 18. Nf3 c4 19. Bd1 Nb6 20. Nd2 Ra6 21. Rab1
Rca8 22. Bc2 Na4 23. Bxa4 bxa4 24. f3 f6 25. Re1 Be8 26. e4 Bf8 27. Re2 Rb6 28.
Bc7 Rc6 29. Bg3 Bg6 30. Rbe1 Kf7 31. Bf4 Bh7 32. g4 Rb6 33. Nf1 Rc8 34. Bg3 Rb5
35. Rf2 Rc6 36. Ree2 Rcb6 37. Bc7 Rc6 38. Bg3 Bg6 39. Bf4 Rc8 40. Ng3 Rd8 41.
Kg2 Bh7 42. h4 Rd7 43. Nf1 Be7 44. Bg3 Rd8 45. Kg1 Rd7 46. Kg2 Rd8 47. Bc7 Rc8
48. Bg3 Bf8 49. Kg1 Rd8 50. Kg2 Rd7 51. Kg1 Rb3 52. Kg2 Rb6 53. Kg1 Rb5 54. Kg2
Rd8 55. Bc7 Rc8 56. Bg3 Be7 57. Kg1 Rc6 58. Kg2 Bf8 59. Kg1 Rcb6 60. Bc7 Ra6
61. Bg3 Rb3 62. Kg2 Bxa3 63. bxa3 Rxa3 64. Re3 Rb3 65. exd5 a3 66. dxe6+ Rxe6
67. Rxe6 Kxe6 68. Re2+ Kd7 69. Ra2 Rxc3 70. Be1 0-1

[Event "Wch Blitz 9th"]
[Site "Berlin"]
[Date "2015.10.13"]
[Round "5"]
[White "Radjabov, Teimour"]
[Black "Riazantsev, Alexander"]
[Result "1/2-1/2"]
[WhiteElo "2738"]
[BlackElo "2646"]
[PlyCount "102"]
[EventDate "2015.10.13"]
[EventType "swiss (blitz)"]
[EventRounds "21"]
[EventCountry "GER"]
[SourceTitle "CBM 168 Extra"]
[Source "ChessBase"]
[SourceDate "2015.10.29"]
[SourceVersion "1"]
[SourceVersionDate "2015.10.29"]
[SourceQuality "1"]

1. Nf3 d5 2. g3 c6 3. Bg2 Bf5 4. b3 e6 5. Bb2 Nf6 6. d3 h6 7. O-O Be7 8. c4 O-O
9. Nbd2 Nbd7 10. Qc2 Bh7 11. Rfe1 Re8 12. a3 a5 13. Rac1 Bd6 14. e4 dxe4 15.
Nxe4 Nxe4 16. dxe4 Qe7 17. Rcd1 Red8 18. Qc3 e5 19. Rd2 Bxa3 20. Bxa3 Qxa3 21.
Red1 Qe7 22. Rd6 Nf6 23. Qxe5 Rxd6 24. Rxd6 Qxe5 25. Nxe5 Bxe4 26. Nd7 Nxd7 27.
Bxe4 Nc5 28. Bc2 Kf8 29. Kf1 Ke7 30. Rd1 Rd8 31. Re1+ Kf6 32. Rc1 g5 33. Ke2
Ne6 34. Ke3 b6 35. Bd1 Rd6 36. Rb1 c5 37. Bf3 Nd4 38. Bd5 Nc2+ 39. Ke4 Nb4 40.
f4 Nxd5 41. cxd5 gxf4 42. gxf4 b5 43. Rc1 a4 44. bxa4 bxa4 45. Rxc5 Ra6 46. d6
a3 47. Re5 a2 48. d7 Rd6 49. Ra5 Rxd7 50. Ra6+ Kg7 51. Rxa2 Rb7 1/2-1/2